| 000 | 00398nam a2200145Ia 4500 | ||
|---|---|---|---|
| 008 | 230917s9999||||xx |||||||||||||| ||und|| | ||
| 040 |
_e41619 _aMAIN |
||
| 041 | _aEnglish | ||
| 082 | _a810.9 S45A | ||
| 100 | _aStern, Milton R, ed. | ||
| 245 | 0 | _aAmerican literature survey: The American romanatics 1800-1860 | |
| 260 |
_aNew Delhi _bLight and Life _c1975 |
||
| 300 | _axx, 712 p. | ||
| 942 | _cBK | ||
| 999 |
_c134606 _d134606 |
||